书目信息 |
| 题名: |
当代文学概论
|
|
| 作者: | 许子东 著 | |
| 分册: | ||
| 出版信息: | 北京 北京大学出版社 1980 |
|
| 页数: | 474页 | |
| 开本: | 19厘 | |
| 丛书名: | 文学新论系列 | |
| 单 册: | ||
| 中图分类: | I206.7 , I05 | |
| 科图分类: | ||
| 主题词: | 文学理论--各体 , 创作方法--各体 | |
| 电子资源: | ||
| ISBN: | 7-5426-0010-9 | |
| 000 | 00819nam2 2200289 45 | |
| 001 | 1574657025 | |
| 005 | 20150127134919.84 | |
| 010 | @a7-5426-0010-9@dCNY1.40 | |
| 020 | @aCN@b89025480 | |
| 100 | @a19911017d1980 m y0chiy0120 ea | |
| 101 | 0 | @achi |
| 102 | @aCN@b310000 | |
| 102 | @aCN@b110000 | |
| 105 | @af z 000zy | |
| 200 | 10 | @a当代文学概论@Adang dai wen xue gai lun@f许子东著@Fxu zi dong zhu |
| 210 | @a北京@c北京大学出版社@d1980 | |
| 215 | @a474页@c照片@d19厘 | |
| 225 | 2 | @a文学新论系列@f洁 泯主编 |
| 410 | 0 | @120010@a文学新论系列 |
| 540 | 1 | @a当代文学 印象@Adang dai wen xue yin xiang |
| 606 | 0 | @a文学理论@x各体 |
| 606 | 0 | @a创作方法@x各体 |
| 690 | @aI206.7@v1980 | |
| 690 | @aI05@v4 | |
| 701 | 0 | @a许子东@Axu zi dong@4著 |
| 801 | 0 | @aCN@bTSSF@c20150127 |
| 905 | @aZUCC@dI05@eJY22 | |
| 当代文学概论/许子东著.-北京:北京大学出版社,1980 |
| 474页:照片;19厘.-(文学新论系列/洁 泯主编) |
| ISBN 7-5426-0010-9:CNY1.40 |
| ● |
| 相关链接 |
|
|
|
|
正题名:当代文学概论
索取号:I05/JY22
 
预约/预借
| 序号 | 登录号 | 条形码 | 馆藏地/架位号 | 状态 | 备注 |
| 1 | 7836634 | 278366340 | 学院路分馆/ [索取号:I05/JY22] | 在馆 | |
| 2 | 7839077 | 278390778 | 学院路分馆/ [索取号:I05/JY22] | 在馆 |